Hrad Milštejn
| Titel: | Hrad Milštejn |
|---|---|
| Verfasser: | |
| Beteiligt: | |
| In: |
Bezděz, Band 4 (1996), Seite 17-35 alle Artikel anzeigen |
| Veröffentlicht: | 1996 |
| Format: | Aufsatz |
| Sprache: | Tschechisch |
X
alg: 39301613 001A $01999:11-11-16 001B $01999:06-04-21 $t20:53:04.000 001C $06050:19-11-16 $t22:31:01.000 001D $01999:11-11-16 001U $0utf8 001X $00 002@ $0Aox 003@ $0393016137 007A $0393016137 $aHEB 007T $0Herdp02944 010@ $acze 011@ $a1996 021A $aHrad Milštejn 028A $7188400753 $8Gabriel, František$Z1949- [Tp1] $9287170845 028B/01 $7123678951 $8Panáček, Jaroslav$Z1948- [Tp3] $9154532517 031A $d4 $h17-35 $j1996 039B $aIn $8--Abvc--. Bezděz. - Česká Lípa, 1990-. - ISSN 1211-9172 $x199600000040000983 $905908720X 045F $a900.943710902 $eDDC23BSB 045F/01 $a900 045F/03 $f0902 045F/03 $g4371 045T $a7,41 lok: 39301613 78 exp: 39301613 78 1 #EPN 201B/01 $026-11-17 $t01:27:58.000 201U/01 $0utf8 203@/01 $0789126443 208@/01 $a11-11-16 $be 209A/01 $a/ $f000 $x00 220C/01 $aHerkunft: Hú Av Čr Praha 244Z/01 $#Tschechien $#Tschechische Republik $#Tschechische Republik $#Tschechenland $#Tschechei Tschechien $#Česká Republika $#Czech Republic $#ČR $74303381-7 $8--Tg1--Tschechien $x01 $9086659812 244Z/01 $2Trx $#Böhmen $#Bohemia $#Czechy $8--Trx--Čechy $x02 $9391188941 244Z/01 $2Trx $#Mühlstein Böhmisch Leipa $8--Trx--Milštejn$ghrad $x03 $9391155202 244Z/01 $2Trx $#kindlus $#pilys $#Castles $#várak $#grody $#hrady $#hrady $#Motten $8--Trx--Burgen $x04 $9391356380 244Z/01 $2Trx $8--Trx--Zeitschriftenaufsatz $x05 $9391384341 245Z/01 $a13.03 $x01 245Z/01 $a06.02 $x02 247C/01 $82080>Marburg/Lahn, Herder-Institut, Forschungsbibliothek, Bibliographieportal $9336309341
| LEADER | 00000caa a22000002c 4500 | ||
|---|---|---|---|
| 001 | 393016137 | ||
| 003 | DE-603 | ||
| 005 | 20210406205304.0 | ||
| 007 | tu | ||
| 008 | 161111s1996 xx |||| | u00||u|cze c | ||
| 035 | |a (DE-599)HEB393016137 | ||
| 040 | |a DE-603 |b ger |c DE-603 |d DE-603 | ||
| 041 | |a cze | ||
| 082 | 0 | 4 | |8 1\u |a 900.943710902 |q DE-101 |2 23/BSB |
| 084 | |a 7,41 |2 ssgn | ||
| 085 | |8 1\u |b 900 | ||
| 085 | |8 1\u |z 1 |s 0902 | ||
| 085 | |8 1\u |z 2 |s 4371 | ||
| 100 | 1 | |a Gabriel, František |d 1949- |0 (DE-603)287170845 |0 (DE-588)188400753 |2 gnd | |
| 245 | 0 | 0 | |a Hrad Milštejn |
| 264 | 0 | |c 1996 | |
| 700 | 1 | |a Panáček, Jaroslav |d 1948- |0 (DE-603)154532517 |0 (DE-588)123678951 |2 gnd | |
| 773 | 0 | 8 | |i In |t Bezděz |d Česká Lípa, 1990- |x 1211-9172 |g Band 4 (1996), Seite 17-35 |w (DE-603)05908720X |w (DE-600)1136222-4 |
| 924 | 0 | |9 2080 |a (DE-603)789126443 |b DE-2080 |c HES |d d |g / | |


